| 000 | 01277nam a22003374c 4500 | ||
|---|---|---|---|
| 001 | 198337 | ||
| 003 | SpMaBN | ||
| 005 | 20260528174118.0 | ||
| 008 | 250617s2025 sp | |||| 000 0 spa | ||
| 017 |
_aAL 3962-2025 _bOficina Depósito Legal Almería |
||
| 020 | _a9791370081980 | ||
| 035 | _a(OCoLC)1509781034 | ||
| 040 |
_aSpMaBN _bspa _cSpMaBN _erda |
||
| 080 | _a339.138:7 | ||
| 100 | 1 |
_aLacalle Marquez , Juan José _eautor _4aut _9243095 |
|
| 245 | 1 | 0 |
_aArte contemporáneo, sólo marketing _cJuan José Lacalle Marquez |
| 250 | _aPrimera edición: febrero 2025 | ||
| 264 | 1 |
_a[Roquetas de Mar] _bCirculo Rojo Editorial _c[2025] |
|
| 264 | 4 | _c©2025 | |
| 300 |
_a273 páginas _c21 cm |
||
| 336 |
_atexto _2rdacontent |
||
| 337 |
_asin mediación _2rdamedia |
||
| 338 |
_avolumen _2rdacarrier |
||
| 500 | _aRegistro provisional. A-16093. Depósito 1 | ||
| 650 | 7 |
_aObras de arte _xComercialización _2embne _9243096 |
|
| 852 |
_aES-MaACL _cDEPO1 _jA-16093 _gDedicatoria autógrafa del autor _hDonación: Juan José Lacalle Marquez _xEncuadernación rustica con solapas _zEn proceso |
||
| 942 |
_2udc _cMONOGRAFIA _n0 |
||
| 999 |
_c198337 _d198337 |
||